000 00269nam a2200097 a 4500
005 20200930080343.0
008 120409s1894 000 spa d
245 0 _aÉtudes historiques sur la présidence de Faustin Soulouque.
260 _aParis,
_c1894.
999 _c36902
_d36902
040 _aDO-SdBNP